000 00981nam a2200301 c 4500
999 _c57337
_d57337
003 BLK
005 20221012155955.0
008 180408b bul|||||r ||||||| ||bul||
010 _aKNG00061334000
040 _aBLK
041 _aBUL
_cBUL
080 _aПсихология
_b159.9
_z159.9
100 1 _aПетков, Асен
_eпърви автор
_9369484
139 _aПетков, Асен
_bП 44
245 1 0 _aПсихология на личността
_bИзследване
_cАсен Петков.
257 _aBGR
260 _aСофия
_bНаука и изкуство
_c1976
_fЯмбол : Г. Димитров
300 _a302 с.
_c20 см
380 _a1
504 _aБиблиогр. под линия.
650 4 _aЛичност
_9160674
653 _aпсихология на личността
852 _aЦб 79826
856 4 _qpdf
_i0.00
_ldisable
856 4 _qpdf
_i0.00
_ldisable
942 _cKNG
_n0
_02
_s1
944 _aCR
_c13.06.2004
_kГеновева_Генчева
944 _aED
_c27.09.2006
999 _d57337